| 000 | 01413nma a22002777a 4500 | ||
|---|---|---|---|
| 005 | 20210325203548.0 | ||
| 006 | g q || | ||
| 008 | s2551 th tha d | ||
| 041 | _atha | ||
| 090 | _aCD 1487 | ||
| 100 | 0 | _aพันจันทร์ ธนวัฒนเสถียร | |
| 245 | 1 | 0 | _aออกแบบและสร้างเว็บไซต์ ฉบับสมบูรณ์พร้อมตัวอย่างการใช้งานจริง [CD-ROM] |
| 260 | 3 |
_aกรุงเทพฯ : _bซัคเซส มีเดีย, _c2551 |
|
| 300 | _a1 แผ่น sd., col. | ||
| 650 | 0 | 4 | _aดรีมวีเวอร์ |
| 650 | 0 | 4 | _aแฟลช (โปรแกรมคอมพิวเตอร์) |
| 650 | 0 | 4 | _aอโดบีโฟโตช็อป |
| 650 | 0 | 4 | _aการประมวลผลภาพ -- เทคนิคดิจิตอล |
| 650 | 0 | 4 | _aคอมพิวเตอร์กราฟิก |
| 650 | 0 | 4 | _aการสร้างภาพเคลื่อนไหวด้วยคอมพิวเตอร์ |
| 650 | 0 | 4 | _aเว็ปไซต์ -- การออกแบบ |
| 850 | _aNALT | ||
| 942 | _cCD | ||
| 997 |
_c000000000058490 _kVC |
||
| 998 | _aนางสาวจำเรียง ประสงค์ดี | ||
| 999 |
_c58490 _d58490 |
||